Géographie: Nouvelle Aquitaine - Statistiques

Statistiques générales
  • Ce quiz a été pris 96 fois
  • Le résultat moyen est 22 sur 29
Statistiques - réponses
Questions Réponses % Correct
Quelles sont les 5 plus grandes villes de la région ? Bordeaux
100%
Gironde
92%
Quelle chaîne de montagne constitue une frontière avec l'Espagne ? Pyrénées
92%
Quels départements constituent la région ? Charente
90%
Charente-Maritime
90%
Quel fleuve se jette dans l'Atlantique, à proximité de Bordeaux ? Garonne
90%
Pyrénées-Atlantiques
84%
Landes
83%
Quelles anciennes régions composent désormais la région ? Aquitaine
82%
Dordogne
82%
La Rochelle
81%
Poitiers
81%
Vienne
81%
Deux-Sèvres
78%
Quel fort se trouve au large de ce même département ? Fort Boyard
78%
Haute-Vienne
78%
Lot et Garonne
78%
Quelles sont les deux plus grandes îles de Charente-Maritime ? Oléron
78%
78%
Correze
77%
Creuse
77%
Limoges
75%
Pau
71%
Quelle vaste couverture sableuse est la plus grande d'Europe ? Dune du Pilat
68%
Limousin
62%
Poitou-Charente
62%
Quel joueur de foot puis entraineur est né dans le pays basque ? Didier Deschamps
52%
Quel animal est emblématique de la région du Béarn ? Ours
44%
Quel homme d'Etat a fait replanter la Forêt des Landes ? Napoléon III
22%
Aucun quiz correspondant
Distribution des résultats
% des personnes avec chaque résultat
Percentile par nombre de réponses
Votre historique - résultats
Vous n’avez pas pris ce quiz